Tánger, el silencio y las sombras / (Record no. 149539)

MARC details
000 -LEADER
campo de control de longitud fija 00795nam a2200241 i 4500
001 - NÚMERO DE CONTROL
campo de control 149539
003 - IDENTIFICADOR DE NÚMERO DE CONTROL
campo de control ES-MaACL
005 - FECHA Y HORA DE LA ÚLTIMA TRANSACCIÓN
campo de control 20240419104733.0
007 - CAMPO FIJO DE DESCRIPCIÓN FÍSICA--INFORMACIÓN GENERAL
campo de control de longitud fija t|
008 - DATOS DE LONGITUD FIJA--INFORMACIÓN GENERAL
campo de control de longitud fija 210901s2016 sp 0001p spa d
020 ## - NÚMERO INTERNACIONAL ESTÁNDAR DEL LIBRO
Número Internacional Estándar del Libro 978-84-16250-72-1
080 ## - NÚMERO DE LA CLASIFICACIÓN DECIMAL UNIVERSAL
Número de la Clasificación Decimal Universal 821.134.2-14"19"
100 1# - ENTRADA PRINCIPAL--NOMBRE DE PERSONA
Nombre de persona Amor del Olmo, Rosa,
Fechas asociadas al nombre 1963-
9 (RLIN) 137798
245 10 - MENCIÓN DEL TÍTULO
Título Tánger, el silencio y las sombras /
Mención de responsabilidad, etc. Rosa Amor del Olmo ; [prólogo de Enrique Gracia Trinidad].
260 ## - PUBLICACIÓN, DISTRIBUCIÓN, ETC.
Lugar de publicación, distribución, etc. [Madrid] :
Nombre del editor, distribuidor, etc. Isidora,
Fecha de publicación, distribución, etc. [2016]
300 ## - DESCRIPCIÓN FÍSICA
Extensión 91 p. :
Otras características físicas 1 retr. autora ;
Dimensiones 21 cm.
490 1# - MENCIÓN DE SERIE
Mención de serie Poesía
700 0# - ENTRADA AGREGADA--NOMBRE PERSONAL
Nombre de persona Gracia Trinidad, Enrique,
Fechas asociadas al nombre 1950-
9 (RLIN) 59477
830 1# - PUNTO DE ACCESO ADICIONAL DE SERIE-TÍTULO UNIFORME
Título uniforme Poesía
9 (RLIN) 177794
852 4# - LOCALIZACIÓN
Ubicación ES-MaACL
Número de control de estantería A-14764
itemnumber 154921
Sublocalización o colección R.151153
Ubicación en estantería Depósito 1
Signatura antigua Olim: N-7764
Donativo/Legado Donación: Editorial
942 ## - ELEMENTOS DE ENTRADA SECUNDARIOS (KOHA)
Fuente del sistema de clasificación o colocación Clasificación decimal universal
Holdings
Estatus retirado Estado de pérdida Fuente del sistema de clasificación o colocación Estado de daño No para préstamo Biblioteca de origen Biblioteca actual Ubicación en estantería Fecha de adquisición Fuente de adquisición Total de préstamos Signatura topográfica completa Código de barras Visto por última vez Precio de reemplazo Tipo de ítem Koha
    Clasificación decimal universal     Biblioteca del Ateneo de Madrid Biblioteca del Ateneo de Madrid Depósito 1 01/09/2021 Donación   A-14764 1202682 23/02/2023 23/02/2023 Libro impreso